000 00545nam a2200181 a 4500
001 14141
003 CO-ViMGA
008 141112s2004 ck r 000 u spa d
020 _a0910235252
040 _aCO-ViMGA
_bspa
_cCO-ViMGA
082 0 4 _a792.098 K494m
100 1 _aRizk, Beatriz J.
_920673
245 1 0 _aEl nuevo teatro latinoAméricano :
_buna lectura historica
260 _aCuba :
_bInstitute the study of ideologies and literature,
_c1987
300 _a143
650 1 4 _aTEATRO - LATINOAméricaNO - HISTORIA
_920674
942 _2ddc
_cBK
999 _c24840
_d24840